[Event "alberic"]
[Site "C/Calderon de la Barca"]
[Date "2017.07.01"]
[Round "6.4"]
[White "Reig Albero, Ferran"]
[Black "Cruz Lledo, Pablo"]
[Result "0-1"]
[WhiteElo "1957"]
[BlackElo "2445"]
[PlyCount "59"]
[EventDate "2017.??.??"]

1. e4 {[%clk 0:07:04]} 1... c6 {[%clk 0:07:04]} 2. Nf3 {[%clk 0:07:03]} 2... d5
{[%clk 0:07:06]} 3. Nc3 {[%clk 0:07:04]} 3... Bg4 {[%clk 0:07:06]} 4. d4 {
[%clk 0:07:05]} 4... e6 {[%clk 0:06:57]} 5. Bd3 {[%clk 0:07:00]} 5... Nf6 {
[%clk 0:06:52]} 6. e5 {[%clk 0:06:55]} 6... Nfd7 {[%clk 0:06:54]} 7. h3 {
[%clk 0:06:47]} 7... Bxf3 {[%clk 0:06:49]} 8. Qxf3 {[%clk 0:06:49]} 8... c5 {
[%clk 0:06:50]} 9. dxc5 {[%clk 0:06:22]} 9... Nc6 {[%clk 0:06:44]} 10. Bf4 {
[%clk 0:05:44]} 10... Bxc5 {[%clk 0:06:13]} 11. Qg3 {[%clk 0:04:43]} 11... Qa5
{[%clk 0:04:10]} 12. O-O {[%clk 0:04:25]} 12... O-O-O {[%clk 0:04:02]} 13. a3 {
[%clk 0:03:58]} 13... Bd4 {[%clk 0:04:01]} 14. b4 {[%clk 0:01:45]} 14... Qb6 {
[%clk 0:04:03]} 15. Na4 {[%clk 0:01:46]} 15... Qc7 {[%clk 0:04:05]} 16. Rac1 {
[%clk 0:01:47]} 16... Bxe5 {[%clk 0:03:50]} 17. Bxe5 {[%clk 0:01:47]} 17...
Ndxe5 {[%clk 0:03:50]} 18. b5 {[%clk 0:01:39]} 18... Na5 {[%clk 0:03:50]} 19.
Rfe1 {[%clk 0:01:29]} 19... Nec4 {[%clk 0:03:41]} 20. Qxg7 {[%clk 0:01:20]}
20... Rhg8 {[%clk 0:03:17]} 21. Qd4 {[%clk 0:01:20]} 21... Kb8 {[%clk 0:03:08]}
22. b6 {[%clk 0:01:05]} 22... axb6 {[%clk 0:03:05]} 23. Nc3 {[%clk 0:01:07]}
23... e5 {[%clk 0:02:34]} 24. Qh4 {[%clk 0:01:08]} 24... Nd2 {[%clk 0:02:30]}
25. Qb4 {[%clk 0:00:33]} 25... Nf3+ {[%clk 0:02:08]} 26. Kf1 {[%clk 0:00:35]}
26... Nxe1 {[%clk 0:01:49]} 27. Rxe1 e4 {[%clk 0:01:42]} 28. Be2 {
[%clk 0:00:30]} 28... Qh2 {[%clk 0:01:29]} 29. Bg4 {[%clk 0:00:32]} 29... f5 {
[%clk 0:01:07]} 30. Bxf5 {[%clk 0:00:11]} 0-1

[Event "alberic"]
[Site "C/Calderon de la Barca"]
[Date "2017.07.01"]
[Round "6.5"]
[White "Garcia Guerola, Vicent"]
[Black "Martinez Peiro, Gabriel"]
[Result "0-1"]
[WhiteElo "1628"]
[BlackElo "1981"]
[PlyCount "56"]
[EventDate "2017.??.??"]

1. c4 {[%clk 0:07:03]} 1... c6 {[%clk 0:07:04]} 2. d4 {[%clk 0:06:59]} 2... d5
{[%clk 0:07:06]} 3. cxd5 {[%clk 0:06:32]} 3... cxd5 {[%clk 0:07:06]} 4. Nf3 {
[%clk 0:06:30]} 4... Nc6 {[%clk 0:06:24]} 5. a3 {[%clk 0:06:30]} 5... Nf6 {
[%clk 0:06:24]} 6. Bf4 {[%clk 0:06:25]} 6... Qb6 {[%clk 0:05:59]} 7. b3 {
[%clk 0:05:37]} 7... Bg4 {[%clk 0:05:29]} 8. Nbd2 {[%clk 0:05:19]} 8... Nxd4 {
[%clk 0:05:18]} 9. Nxd4 {[%clk 0:05:09]} 9... Qxd4 {[%clk 0:05:15]} 10. e3 {
[%clk 0:05:00]} 10... Qb6 {[%clk 0:04:14]} 11. f3 {[%clk 0:04:49]} 11... Bf5 {
[%clk 0:02:33]} 12. a4 {[%clk 0:04:33]} 12... a6 {[%clk 0:02:14]} 13. a5 {
[%clk 0:04:12]} 13... Qa7 {[%clk 0:01:56]} 14. Rc1 {[%clk 0:03:12]} 14... e5 {
[%clk 0:01:57]} 15. Bxe5 {[%clk 0:02:44]} 15... Qxe3+ {[%clk 0:01:50]} 16. Qe2
{[%clk 0:02:44]} 16... Qxe2+ {[%clk 0:01:41]} 17. Bxe2 {[%clk 0:02:46]} 17...
Bb4 {[%clk 0:01:30]} 18. Rc7 {[%clk 0:02:09]} 18... O-O {[%clk 0:01:11]} 19.
Rxb7 {[%clk 0:01:55]} 19... Bxa5 {[%clk 0:01:12]} 20. b4 {[%clk 0:01:57]} 20...
Bd8 {[%clk 0:01:03]} 21. O-O {[%clk 0:01:57]} 21... Re8 {[%clk 0:00:58]} 22. f4
{[%clk 0:01:51]} 22... Ne4 {[%clk 0:00:47]} 23. Nxe4 {[%clk 0:01:51]} 23...
Bxe4 {[%clk 0:00:47]} 24. Rc1 {[%clk 0:01:46]} 24... d4 {[%clk 0:00:39]} 25.
Rd1 {[%clk 0:01:35]} 25... Bxb7 {[%clk 0:00:40]} 26. Rxd4 {[%clk 0:01:29]}
26... Bb6 {[%clk 0:00:41]} 27. b5 {[%clk 0:01:10]} 27... Bxd4+ {[%clk 0:00:36]}
28. Bxd4 {[%clk 0:01:12]} 28... Rxe2 {[%clk 0:00:37]} 0-1

[Event "alberic"]
[Site "C/Calderon de la Barca"]
[Date "2017.07.01"]
[Round "6.6"]
[White "Carbonell Bofill, Carlos Eloy"]
[Black "Martinez Escandell, Alfonso"]
[Result "1-0"]
[WhiteElo "2125"]
[BlackElo "1942"]
[PlyCount "65"]
[EventDate "2017.??.??"]

1. d4 {[%clk 0:07:05]} 1... Nf6 {[%clk 0:07:04]} 2. Nf3 {[%clk 0:07:06]} 2...
g6 {[%clk 0:07:07]} 3. Bf4 {[%clk 0:07:08]} 3... Bg7 {[%clk 0:07:09]} 4. e3 {
[%clk 0:07:10]} 4... d6 {[%clk 0:07:11]} 5. h3 {[%clk 0:07:12]} 5... O-O {
[%clk 0:07:12]} 6. Bc4 {[%clk 0:07:13]} 6... b6 {[%clk 0:07:11]} 7. O-O {
[%clk 0:07:09]} 7... Bb7 {[%clk 0:07:13]} 8. a4 {[%clk 0:07:07]} 8... c5 {
[%clk 0:07:15]} 9. a5 {[%clk 0:06:59]} 9... Nbd7 {[%clk 0:07:16]} 10. a6 {
[%clk 0:06:58]} 10... Bc8 {[%clk 0:07:05]} 11. Nc3 {[%clk 0:06:34]} 11... Nb8 {
[%clk 0:06:05]} 12. dxc5 {[%clk 0:06:19]} 12... bxc5 {[%clk 0:05:46]} 13. Bd5 {
[%clk 0:06:04]} 13... Nxd5 {[%clk 0:05:46]} 14. Qxd5 {[%clk 0:06:06]} 14...
Nxa6 {[%clk 0:05:09]} 15. Qxa8 {[%clk 0:05:58]} 15... Nb4 {[%clk 0:05:11]} 16.
Nd5 {[%clk 0:04:52]} 16... Nxc2 {[%clk 0:04:22]} 17. Rxa7 {[%clk 0:04:51]}
17... e6 {[%clk 0:04:01]} 18. Ne7+ {[%clk 0:04:49]} 18... Kh8 {[%clk 0:03:54]}
19. Nxc8 {[%clk 0:04:38]} 19... Qxc8 {[%clk 0:03:56]} 20. Qxc8 {[%clk 0:04:11]}
20... Rxc8 {[%clk 0:03:58]} 21. Bxd6 {[%clk 0:04:12]} 21... Kg8 {[%clk 0:03:46]
} 22. Be5 {[%clk 0:03:45]} 22... f6 {[%clk 0:03:47]} 23. Bc3 {[%clk 0:03:46]}
23... Nb4 {[%clk 0:03:34]} 24. Rd1 {[%clk 0:03:29]} 24... Nd5 {[%clk 0:03:09]}
25. e4 {[%clk 0:03:31]} 25... Nc7 {[%clk 0:02:50]} 26. Rd7 {[%clk 0:03:30]}
26... Ne8 {[%clk 0:02:52]} 27. g4 {[%clk 0:03:13]} 27... h6 {[%clk 0:02:50]}
28. h4 {[%clk 0:03:01]} 28... Bf8 {[%clk 0:02:42]} 29. g5 {[%clk 0:02:52]}
29... hxg5 {[%clk 0:02:32]} 30. hxg5 {[%clk 0:02:54]} 30... f5 {[%clk 0:02:31]}
31. Ne5 {[%clk 0:02:44]} 31... Nd6 {[%clk 0:02:14]} 32. Nxg6 {[%clk 0:02:38]}
32... Nxe4 {[%clk 0:02:15]} 33. Rg7+ {[%clk 0:02:38]} 1-0

[Event "alberic"]
[Site "C/Calderon de la Barca"]
[Date "2017.07.01"]
[Round "7.1"]
[White "Cano Gimenez, Vicente"]
[Black "Plaskett, H James"]
[Result "0-1"]
[WhiteElo "2285"]
[BlackElo "2463"]
[PlyCount "60"]
[EventDate "2017.??.??"]

1. Nf3 {[%clk 0:07:05]} 1... g6 {[%clk 0:07:04]} 2. g3 {[%clk 0:07:05]} 2...
Bg7 {[%clk 0:07:07]} 3. d4 {[%clk 0:07:06]} 3... d6 {[%clk 0:07:07]} 4. Bg2 {
[%clk 0:07:07]} 4... Nf6 {[%clk 0:07:07]} 5. c4 {[%clk 0:07:08]} 5... O-O {
[%clk 0:07:08]} 6. Nc3 {[%clk 0:07:09]} 6... Nbd7 {[%clk 0:07:05]} 7. O-O {
[%clk 0:07:10]} 7... e5 {[%clk 0:07:05]} 8. h3 {[%clk 0:06:44]} 8... Re8 {
[%clk 0:07:01]} 9. dxe5 {[%clk 0:06:41]} 9... dxe5 {[%clk 0:07:01]} 10. Be3 {
[%clk 0:06:42]} 10... h6 {[%clk 0:06:35]} 11. Qd2 {[%clk 0:06:43]} 11... Kh7 {
[%clk 0:06:37]} 12. Rad1 {[%clk 0:06:02]} 12... Qe7 {[%clk 0:06:29]} 13. Nd5 {
[%clk 0:05:00]} 13... Nxd5 {[%clk 0:06:24]} 14. cxd5 {[%clk 0:05:01]} 14... Bf8
{[%clk 0:06:20]} 15. Qc2 {[%clk 0:04:58]} 15... Nf6 {[%clk 0:06:09]} 16. Nd2 {
[%clk 0:04:50]} 16... Bf5 {[%clk 0:06:02]} 17. Qc1 {[%clk 0:04:32]} 17... Rad8
{[%clk 0:05:53]} 18. Nc4 {[%clk 0:03:54]} 18... b6 {[%clk 0:05:48]} 19. g4 {
[%clk 0:03:24]} 19... Bc8 {[%clk 0:05:44]} 20. g5 {[%clk 0:02:52]} 20... Nh5 {
[%clk 0:04:39]} 21. gxh6 {[%clk 0:02:43]} 21... Bf5 {[%clk 0:04:38]} 22. Bd2 {
[%clk 0:02:18]} 22... e4 {[%clk 0:04:34]} 23. Ne3 {[%clk 0:02:15]} 23... Bc8 {
[%clk 0:04:24]} 24. a3 {[%clk 0:01:58]} 24... Nf4 {[%clk 0:04:21]} 25. Rde1 {
[%clk 0:01:44]} 25... Bxh3 {[%clk 0:04:16]} 26. Bxh3 {[%clk 0:01:37]} 26...
Nxh3+ {[%clk 0:04:17]} 27. Kh2 {[%clk 0:01:39]} 27... Qh4 {[%clk 0:04:14]} 28.
Ng2 {[%clk 0:01:39]} 28... Bd6+ {[%clk 0:04:15]} 29. Kh1 {[%clk 0:01:02]} 29...
Nxf2+ {[%clk 0:04:08]} 30. Kg1 {[%clk 0:01:03]} 30... Bh2# 0-1

[Event "alberic"]
[Site "C/Calderon de la Barca"]
[Date "2017.07.01"]
[Round "7.2"]
[White "Fenollar Jorda, Manuel"]
[Black "Garcia, Jhoel"]
[Result "0-1"]
[WhiteElo "2335"]
[BlackElo "2331"]
[PlyCount "46"]
[EventDate "2017.??.??"]

1. d4 {[%clk 0:07:05]} 1... Nf6 {[%clk 0:07:04]} 2. Nf3 {[%clk 0:07:07]} 2...
d5 {[%clk 0:07:02]} 3. e3 {[%clk 0:07:08]} 3... c6 {[%clk 0:06:53]} 4. c4 {
[%clk 0:07:07]} 4... e6 {[%clk 0:06:32]} 5. Nbd2 {[%clk 0:07:05]} 5... Nbd7 {
[%clk 0:06:33]} 6. Bd3 {[%clk 0:07:06]} 6... Bd6 {[%clk 0:06:34]} 7. O-O {
[%clk 0:07:07]} 7... O-O {[%clk 0:06:07]} 8. e4 {[%clk 0:07:08]} 8... dxe4 {
[%clk 0:06:09]} 9. Nxe4 {[%clk 0:07:10]} 9... Nxe4 {[%clk 0:06:11]} 10. Bxe4 {
[%clk 0:07:11]} 10... f5 {[%clk 0:05:54]} 11. Bc2 {[%clk 0:07:07]} 11... e5 {
[%clk 0:05:56]} 12. c5 {[%clk 0:06:12]} 12... Bc7 {[%clk 0:05:27]} 13. Ng5 {
[%clk 0:05:17]} 13... Nf6 {[%clk 0:04:05]} 14. Bb3+ {[%clk 0:04:33]} 14... Nd5
{[%clk 0:04:06]} 15. dxe5 {[%clk 0:03:31]} 15... Bxe5 {[%clk 0:04:04]} 16. Re1
{[%clk 0:02:52]} 16... Bc7 {[%clk 0:02:09]} 17. Ne6 {[%clk 0:01:50]} 17... Bxe6
{[%clk 0:02:09]} 18. Rxe6 {[%clk 0:01:52]} 18... Qh4 {[%clk 0:01:27]} 19. h3 {
[%clk 0:01:39]} 19... Qb4 {[%clk 0:01:06]} 20. Bxd5 {[%clk 0:00:59]} 20... cxd5
{[%clk 0:01:08]} 21. Qxd5 {[%clk 0:00:59]} 21... Rad8 {[%clk 0:01:04]} 22. Rd6+
{[%clk 0:00:43]} 22... Kh8 {[%clk 0:01:07]} 23. Rd7 {[%clk 0:00:29]} 23... Qe1#
0-1

[Event "alberic"]
[Site "C/Calderon de la Barca"]
[Date "2017.07.01"]
[Round "7.3"]
[White "Cruz Lledo, Pablo"]
[Black "Martinez Peiro, Gabriel"]
[Result "1-0"]
[WhiteElo "2445"]
[BlackElo "1981"]
[PlyCount "91"]
[EventDate "2017.??.??"]

1. d4 {[%clk 0:07:04]} 1... d5 {[%clk 0:07:06]} 2. c4 {[%clk 0:07:06]} 2... c6
{[%clk 0:07:08]} 3. Nf3 {[%clk 0:07:08]} 3... Nf6 {[%clk 0:07:10]} 4. Nc3 {
[%clk 0:07:10]} 4... dxc4 {[%clk 0:07:10]} 5. a4 {[%clk 0:07:12]} 5... Bf5 {
[%clk 0:07:07]} 6. Ne5 {[%clk 0:07:14]} 6... e6 {[%clk 0:06:57]} 7. f3 {
[%clk 0:07:08]} 7... Bb4 {[%clk 0:06:58]} 8. Nxc4 {[%clk 0:06:53]} 8... c5 {
[%clk 0:06:07]} 9. Be3 {[%clk 0:06:15]} 9... Nd5 {[%clk 0:05:47]} 10. dxc5 {
[%clk 0:05:41]} 10... Nxc3 {[%clk 0:05:32]} 11. Nd6+ {[%clk 0:05:10]} 11...
Qxd6 {[%clk 0:05:08]} 12. Qxd6 {[%clk 0:05:09]} 12... Ne4+ {[%clk 0:04:57]} 13.
Bd2 {[%clk 0:05:09]} 13... Bxd2+ {[%clk 0:04:56]} 14. Qxd2 {[%clk 0:05:11]}
14... Nxd2 {[%clk 0:04:57]} 15. Kxd2 {[%clk 0:05:12]} 15... Nc6 {[%clk 0:04:47]
} 16. e4 {[%clk 0:05:14]} 16... O-O-O+ {[%clk 0:04:41]} 17. Ke3 {[%clk 0:05:12]
} 17... Bg6 {[%clk 0:04:38]} 18. Rc1 {[%clk 0:04:56]} 18... a5 {[%clk 0:04:36]}
19. Bc4 {[%clk 0:04:41]} 19... Rhe8 {[%clk 0:04:28]} 20. h4 {[%clk 0:04:38]}
20... f6 {[%clk 0:04:23]} 21. g4 {[%clk 0:03:59]} 21... Re7 {[%clk 0:04:24]}
22. Rhd1 {[%clk 0:03:47]} 22... Bf7 {[%clk 0:04:10]} 23. Rg1 {[%clk 0:03:37]}
23... e5 {[%clk 0:04:09]} 24. Bb5 {[%clk 0:03:35]} 24... Be6 {[%clk 0:03:48]}
25. Rc3 {[%clk 0:02:39]} 25... Nd4 {[%clk 0:03:17]} 26. Rgc1 {[%clk 0:02:04]}
26... Rc7 {[%clk 0:03:07]} 27. Bd3 {[%clk 0:01:48]} 27... Kb8 {[%clk 0:03:04]}
28. g5 {[%clk 0:01:48]} 28... Rdc8 {[%clk 0:02:53]} 29. f4 {[%clk 0:01:30]}
29... Nb3 {[%clk 0:02:43]} 30. Rg1 {[%clk 0:01:26]} 30... Nxc5 {[%clk 0:02:14]}
31. Bb5 {[%clk 0:01:09]} 31... exf4+ {[%clk 0:02:03]} 32. Kxf4 {[%clk 0:01:11]}
32... fxg5+ {[%clk 0:01:42]} 33. Rxg5 {[%clk 0:01:10]} 33... Bg8 {
[%clk 0:00:52]} 34. Ke3 {[%clk 0:00:58]} 34... b6 {[%clk 0:00:20]} 35. Re5 {
[%clk 0:00:41]} 35... Nd7 {[%clk 0:00:15]} 36. Rxc7 {[%clk 0:00:36]} 36... Kxc7
{[%clk 0:00:16]} 37. Re7 {[%clk 0:00:35]} 37... Rd8 {[%clk 0:00:14]} 38. Rxg7 {
[%clk 0:00:37]} 38... Kd6 {[%clk 0:00:15]} 39. Bxd7 {[%clk 0:00:33]} 39... Rxd7
{[%clk 0:00:11]} 40. Rxg8 {[%clk 0:00:35]} 40... Kc5 {[%clk 0:00:13]} 41. Rg5+
{[%clk 0:00:32]} 41... Kb4 {[%clk 0:00:13]} 42. Rb5+ {[%clk 0:00:34]} 42...
Kxa4 {[%clk 0:00:12]} 43. Rxb6 {[%clk 0:00:35]} 43... Rg7 {[%clk 0:00:09]} 44.
e5 {[%clk 0:00:31]} 44... Rg3+ {[%clk 0:00:05]} 45. Kf4 {[%clk 0:00:31]} 45...
Rh3 46. Ke4 1-0

[Event "alberic"]
[Site "C/Calderon de la Barca"]
[Date "2017.07.01"]
[Round "7.4"]
[White "Rull Costa, Baltasar"]
[Black "Kovacevic, Slobodan"]
[Result "0-1"]
[WhiteElo "1790"]
[BlackElo "2304"]
[PlyCount "64"]
[EventDate "2017.??.??"]

1. e4 {[%clk 0:07:04]} 1... c5 {[%clk 0:07:05]} 2. c3 {[%clk 0:07:05]} 2... e6
{[%clk 0:07:08]} 3. Nf3 {[%clk 0:07:06]} 3... Nc6 {[%clk 0:07:10]} 4. d4 {
[%clk 0:07:07]} 4... d5 {[%clk 0:07:12]} 5. exd5 {[%clk 0:06:58]} 5... exd5 {
[%clk 0:07:14]} 6. Bd3 {[%clk 0:06:44]} 6... Bd6 {[%clk 0:07:15]} 7. Be3 {
[%clk 0:06:27]} 7... c4 {[%clk 0:07:17]} 8. Be2 {[%clk 0:06:18]} 8... h6 {
[%clk 0:07:18]} 9. O-O {[%clk 0:06:00]} 9... Nge7 {[%clk 0:07:20]} 10. Re1 {
[%clk 0:05:44]} 10... O-O {[%clk 0:07:21]} 11. Qd2 {[%clk 0:05:40]} 11... Qc7 {
[%clk 0:07:23]} 12. Bxh6 {[%clk 0:04:33]} 12... gxh6 {[%clk 0:07:25]} 13. Qxh6
{[%clk 0:04:33]} 13... Bf5 {[%clk 0:07:15]} 14. Ng5 {[%clk 0:04:26]} 14... Bf4
{[%clk 0:06:57]} 15. g3 {[%clk 0:03:41]} 15... Bxg5 {[%clk 0:06:35]} 16. Qxg5+
{[%clk 0:03:42]} 16... Bg6 {[%clk 0:06:36]} 17. h4 {[%clk 0:03:44]} 17... f6 {
[%clk 0:06:28]} 18. Qh6 {[%clk 0:03:23]} 18... Rf7 {[%clk 0:06:22]} 19. Bg4 {
[%clk 0:02:40]} 19... Rh7 {[%clk 0:06:22]} 20. Be6+ {[%clk 0:02:39]} 20... Kh8
{[%clk 0:06:23]} 21. Qe3 {[%clk 0:02:08]} 21... Qd6 {[%clk 0:06:21]} 22. Nd2 {
[%clk 0:01:45]} 22... Re8 {[%clk 0:06:19]} 23. Qf3 {[%clk 0:01:07]} 23... Rf8 {
[%clk 0:06:16]} 24. Re3 {[%clk 0:00:52]} 24... b5 {[%clk 0:06:11]} 25. Rae1 {
[%clk 0:00:54]} 25... b4 {[%clk 0:06:14]} 26. Bg4 {[%clk 0:00:32]} 26... f5 {
[%clk 0:05:42]} 27. Re6 {[%clk 0:00:34]} 27... Qd8 {[%clk 0:05:42]} 28. Rxg6 {
[%clk 0:00:33]} 28... Nxg6 {[%clk 0:05:43]} 29. Bh5 {[%clk 0:00:16]} 29... Nxh4
{[%clk 0:05:26]} 30. Qe2 {[%clk 0:00:12]} 30... Qg5 {[%clk 0:05:16]} 31. Bf3 {
[%clk 0:00:04]} 31... f4 {[%clk 0:05:16]} 32. Bxd5 {[%clk 0:00:05]} 32... Qxd5
{[%clk 0:05:17]} 0-1

[Event "alberic"]
[Site "C/Calderon de la Barca"]
[Date "2017.07.01"]
[Round "7.5"]
[White "Vidal Maiques, Jose Antonio"]
[Black "Cantero Ramon, Eloy"]
[Result "1-0"]
[WhiteElo "1785"]
[BlackElo "2136"]
[PlyCount "72"]
[EventDate "2017.??.??"]

1. e4 {[%clk 0:07:05]} 1... d6 {[%clk 0:07:03]} 2. d4 {[%clk 0:07:05]} 2... Nf6
{[%clk 0:07:04]} 3. Nc3 {[%clk 0:07:05]} 3... g6 {[%clk 0:07:05]} 4. f3 {
[%clk 0:06:53]} 4... Bg7 {[%clk 0:07:06]} 5. Be3 {[%clk 0:06:54]} 5... O-O {
[%clk 0:07:07]} 6. Qd2 {[%clk 0:06:52]} 6... c6 {[%clk 0:07:08]} 7. Bh6 {
[%clk 0:06:20]} 7... b5 {[%clk 0:06:39]} 8. Bxg7 {[%clk 0:05:53]} 8... Kxg7 {
[%clk 0:06:40]} 9. Bd3 {[%clk 0:04:52]} 9... Nbd7 {[%clk 0:05:02]} 10. h4 {
[%clk 0:04:20]} 10... Nb6 {[%clk 0:04:16]} 11. b3 {[%clk 0:04:05]} 11... a5 {
[%clk 0:03:51]} 12. g4 {[%clk 0:03:42]} 12... a4 {[%clk 0:03:46]} 13. bxa4 {
[%clk 0:02:42]} 13... Nxa4 {[%clk 0:03:46]} 14. Nxa4 {[%clk 0:02:42]} 14...
Rxa4 {[%clk 0:03:47]} 15. h5 {[%clk 0:02:27]} 15... Qa5 {[%clk 0:03:08]} 16. c3
{[%clk 0:02:26]} 16... b4 {[%clk 0:03:09]} 17. cxb4 {[%clk 0:02:12]} 17... Qxb4
{[%clk 0:03:06]} 18. Qxb4 {[%clk 0:01:58]} 18... Rxb4 {[%clk 0:03:07]} 19. Ne2
{[%clk 0:01:52]} 19... Be6 {[%clk 0:03:01]} 20. a3 {[%clk 0:01:14]} 20... Rb2 {
[%clk 0:02:50]} 21. Kf2 {[%clk 0:00:55]} 21... Ra8 {[%clk 0:02:41]} 22. Rhc1 {
[%clk 0:00:50]} 22... Rb3 {[%clk 0:02:26]} 23. Bc4 {[%clk 0:00:38]} 23... Bxc4
{[%clk 0:02:21]} 24. Rxc4 {[%clk 0:00:38]} 24... Raxa3 {[%clk 0:02:13]} 25.
Rxa3 {[%clk 0:00:40]} 25... Rxa3 {[%clk 0:02:13]} 26. Rxc6 {[%clk 0:00:42]}
26... gxh5 {[%clk 0:02:13]} 27. g5 {[%clk 0:00:35]} 27... Ng8 {[%clk 0:01:38]}
28. Rc7 {[%clk 0:00:34]} 28... h6 {[%clk 0:01:31]} 29. gxh6+ {[%clk 0:00:33]}
29... Kxh6 {[%clk 0:01:32]} 30. Ng3 {[%clk 0:00:32]} 30... Kg6 {[%clk 0:01:21]}
31. Nf5 {[%clk 0:00:32]} 31... Kf6 {[%clk 0:00:30]} 32. Kg3 {[%clk 0:00:26]}
32... h4+ {[%clk 0:00:24]} 33. Nxh4 {[%clk 0:00:23]} 33... Nh6 {[%clk 0:00:24]}
34. d5 {[%clk 0:00:23]} 34... Ra2 {[%clk 0:00:23]} 35. Rc8 {[%clk 0:00:14]}
35... e6 {[%clk 0:00:15]} 36. Rd8 {[%clk 0:00:11]} 36... exd5 1-0

[Event "alberic"]
[Site "C/Calderon de la Barca"]
[Date "2017.07.01"]
[Round "7.6"]
[White "Carbonell Bofill, Carlos Eloy"]
[Black "Sanchis Hernandez, Sergi"]
[Result "1-0"]
[WhiteElo "2125"]
[BlackElo "1751"]
[PlyCount "82"]
[EventDate "2017.??.??"]

1. d4 {[%clk 0:07:05]} 1... Nf6 {[%clk 0:07:01]} 2. Nf3 {[%clk 0:07:07]} 2...
g6 {[%clk 0:07:02]} 3. Bf4 {[%clk 0:07:09]} 3... Bg7 {[%clk 0:07:03]} 4. e3 {
[%clk 0:07:11]} 4... d6 {[%clk 0:07:04]} 5. h3 {[%clk 0:07:13]} 5... O-O {
[%clk 0:07:05]} 6. Bc4 {[%clk 0:07:15]} 6... c5 {[%clk 0:06:56]} 7. c3 {
[%clk 0:07:16]} 7... cxd4 {[%clk 0:06:50]} 8. exd4 {[%clk 0:07:11]} 8... d5 {
[%clk 0:06:35]} 9. Bd3 {[%clk 0:06:51]} 9... Re8 {[%clk 0:06:10]} 10. O-O {
[%clk 0:06:52]} 10... Qb6 {[%clk 0:06:05]} 11. Qb3 {[%clk 0:06:48]} 11... Qxb3
{[%clk 0:05:57]} 12. axb3 {[%clk 0:06:51]} 12... Nc6 {[%clk 0:05:44]} 13. b4 {
[%clk 0:06:52]} 13... Bd7 {[%clk 0:05:16]} 14. Re1 {[%clk 0:06:42]} 14... a6 {
[%clk 0:04:56]} 15. Nbd2 {[%clk 0:06:39]} 15... Nh5 {[%clk 0:04:46]} 16. Bc7 {
[%clk 0:06:12]} 16... Rac8 {[%clk 0:04:19]} 17. Bh2 {[%clk 0:06:12]} 17... Bh6
{[%clk 0:04:11]} 18. Nb3 {[%clk 0:06:10]} 18... Nf4 {[%clk 0:03:54]} 19. Nc5 {
[%clk 0:05:55]} 19... Nxd3 {[%clk 0:03:48]} 20. Nxd3 {[%clk 0:05:56]} 20... Bf5
{[%clk 0:03:37]} 21. Nc5 {[%clk 0:05:57]} 21... f6 {[%clk 0:02:41]} 22. g4 {
[%clk 0:05:03]} 22... Be4 {[%clk 0:02:13]} 23. Nxe4 {[%clk 0:04:23]} 23... dxe4
{[%clk 0:02:15]} 24. Rxe4 {[%clk 0:04:25]} 24... Nd8 {[%clk 0:01:50]} 25. Rae1
{[%clk 0:04:21]} 25... Kf7 {[%clk 0:01:44]} 26. h4 {[%clk 0:04:06]} 26... Rc6 {
[%clk 0:01:21]} 27. g5 {[%clk 0:03:58]} 27... Bg7 {[%clk 0:01:09]} 28. Kg2 {
[%clk 0:04:00]} 28... f5 {[%clk 0:01:05]} 29. R4e2 {[%clk 0:03:37]} 29... Re6 {
[%clk 0:01:02]} 30. Be5 {[%clk 0:03:30]} 30... Bxe5 {[%clk 0:00:56]} 31. Nxe5+
{[%clk 0:03:31]} 31... Kg7 {[%clk 0:00:50]} 32. d5 {[%clk 0:03:17]} 32... Rd6 {
[%clk 0:00:43]} 33. c4 {[%clk 0:03:20]} 33... Nf7 {[%clk 0:00:40]} 34. Nd3 {
[%clk 0:03:10]} 34... Rb6 {[%clk 0:00:42]} 35. Rxe7 {[%clk 0:02:51]} 35... Rc8
{[%clk 0:00:43]} 36. c5 {[%clk 0:02:47]} 36... Rb5 {[%clk 0:00:42]} 37. Ne5 {
[%clk 0:02:40]} 37... Rf8 {[%clk 0:00:38]} 38. Nd3 {[%clk 0:02:23]} 38... Kg8 {
[%clk 0:00:37]} 39. d6 {[%clk 0:02:19]} 39... Nd8 {[%clk 0:00:34]} 40. Re8 {
[%clk 0:01:57]} 40... Nc6 {[%clk 0:00:26]} 41. d7 Kf7 1-0